00425nam a2200157Ia 4500020001500000082001500015245005000030260004000080300001300120504001900133650002600152650003700178650001400215650001500229700002300244 a0754623688 a327.1 PUB- 0aPublic governance in the age of globalization aAldershotbAshgate Publishingc2004 aix, 339p aincludes index aPublic administration aGlobalisationvPolitical aspects aDemocracy aState, The aLadeur, Karl-Heinz